| 000 | 00760nam a2200241Ia 4500 | ||
|---|---|---|---|
| 001 | 15764 | ||
| 003 | GE_BSU | ||
| 008 | 181216s||||||||xx |||||||||||||| ||und|| | ||
| 020 | _a978-99940-54-97-8 | ||
| 040 | _cGE_BSU | ||
| 100 | _aჭილაძე, ო. (ოთარ, 1933-2009) | ||
| 245 | _aყოველმან ჩემმან მპოვნელმან | ||
| 245 | _bრომანი | ||
| 245 | _cმხატვ. ნანა ჭილაძე | ||
| 260 | _aთბილისი | ||
| 260 | _bარეტე | ||
| 260 | _c2007 | ||
| 300 | _a493 გვ. ; 20 სმ. | ||
| 541 | _h15ლ. | ||
| 653 | _aრომანი | ||
| 653 | _aყოველმან ჩემმან მპოვნელმან | ||
| 942 | _cBK | ||
| 999 |
_c48862 _d48862 |
||